00504nam a2200205Ia 450000500170000000800460001702000180006303700100008104000080009104000080009904000080010704100080011504100080012308400080013124500520013926000290019126000090022065000200022985600490024920260306150700.0008 260114s9999 xx 000 0 eng d a9780674037793 aEbook aCRL beng cCRL 2eng aeng qCRL 0aApes, Monkeys, Children, and the Growth of Mind bHarvard University Press c2006 aSocial Sciences uhttps://www.degruyter.com/isbn/9780674037793